LEADER 00709nam a2200193 i 4500 001 000000155216 003 CaOOAMICUS 005 20061103000000.0 008 061103s1946 it u000 u ita u 013 $a132565 040 $aSeMil$bita 100 1 $aBernardi, Marziano.$0(OLS)http://semarc/name/37765 245 10$aCarletti /$ctesto di : Marziano Bernardi. 260 $aMilano :$bEditoriale Domus,$c1946. 300 $a32 p. di tav. + 4 quattro dipinti ;$c29 cm. 850 $aSeMil 852 $aSeMil$W1$xVenegono$y1$m5K VII 20$j107053$B107053$CSeMilBibl$Z2$F116396 $8I 996 $6245$aCarletti$9(OLS)http://semarc/title/227273 996 $6260$aMilano :$bEditoriale Domus$9(OLS)http://semarc/publisher/34861 LEADER 01187nam a2200301 i 4500 001 000000125343 003 CaOOAMICUS 005 20080730000000.0 008 080730s1965 it u000 u ita u 013 $a98043 040 $aSeMil$bita 100 0 $aAristoteles,$d<384-322 a.C.>.$0(OLS)http://semarc/name/1263 245 10$aGrande etica ; Etica eudemia /$cAristotele ; a cura di Armando Plebe. 260 $aBari :$bLaterza,$c1965. 300 $aXVI, 284 p. ;$c22 cm. 490 0 $aFilosofi antichi e medievali : collana di testi e traduzioni 500 $aFondo Ciprandi. 650 4$aAristotele <384-322 a.C.> - Etica e morale.$0(OLS)http://semarc/subject/10463 700 1 $aPlebe, Armando.$0(OLS)http://semarc/name/32123 830 0$aFilosofi antichi e medievali.$0(OLS)http://semarc/title/15045 850 $aSeMil 852 $aSeMil$W1$xVenegono$y1$m2P II 710$j79803$B79803$CSeMilBibl$Z2$F81939 $81 900 0 $aAristotele. 941 1 $a1 961 $aOmaggio: Ciprandi dott. Paolo 996 $6245$aGrande etica ; Etica eudemia$9(OLS)http://semarc/title/184570 996 $6260$aBari :$bLaterza$9(OLS)http://semarc/publisher/29858